Ortega y Gasset y el derecho / (Registro nro. 100042)

Detalles MARC
000 -LEADER
campo de control de longitud fija 00724nam a2200193 i 4500
001 - NÚMERO DE CONTROL
campo de control 100042
003 - IDENTIFICADOR DE NÚMERO DE CONTROL
campo de control ES-MaACL
005 - FECHA Y HORA DE LA ÚLTIMA TRANSACCIÓN
campo de control 20250915063041.0
007 - CAMPO FIJO DE DESCRIPCIÓN FÍSICA--INFORMACIÓN GENERAL
campo de control de longitud fija t|
008 - DATOS DE LONGITUD FIJA--INFORMACIÓN GENERAL
campo de control de longitud fija 050921s1983 zzz ||||1| spa d
100 1# - ENTRADA PRINCIPAL--NOMBRE DE PERSONA
Nombre de persona Martínez Val, José María,
Fechas asociadas al nombre 1916-
9 (RLIN) 78455
245 10 - MENCIÓN DEL TÍTULO
Título Ortega y Gasset y el derecho /
Mención de responsabilidad, etc. José María Martínez Val; Antioquía: Universidad, Facultad de Derecho y Ciencias Políticas.
260 ## - PUBLICACIÓN, DISTRIBUCIÓN, ETC.
Lugar de publicación, distribución, etc. [s.l. :
Nombre del editor, distribuidor, etc. s.n.],
Fecha de publicación, distribución, etc. 1983.
300 ## - DESCRIPCIÓN FÍSICA
Extensión 13 h. ;
Dimensiones 24 cm.
500 ## - NOTA GENERAL
Nota general Separata de: Estudios de derecho, v. 42, 1983, nº 104, p. 49-69.
710 2# - ENTRADA AGREGADA--NOMBRE DE ENTIDAD CORPORATIVA
Nombre de entidad corporativa o nombre de jurisdicción como elemento de entrada Universidad de Antioquía.
Unidad subordinada Facultad de Derecho y Ciencias Políticas.
9 (RLIN) 7140
852 ## - LOCALIZACIÓN
Ubicación ES-MaACL
Número de control de estantería 2142-F-20
Sublocalización o colección R.114687
Existencias
Estatus retirado Estado de pérdida Estado de daño No para préstamo Colección Biblioteca de origen Biblioteca actual Ubicación en estantería Fecha de adquisición Fuente de adquisición Total de préstamos Signatura topográfica completa Código de barras Visto por última vez Precio de reemplazo Tipo de ítem Koha
        Colección de folletos Biblioteca del Ateneo de Madrid Biblioteca del Ateneo de Madrid Depósito folletos 17/01/2008     2142-F-20 1104458 23/02/2023 23/02/2023 Folleto